LEADER 01268nam a2200241 i 4500 001 000000000607 003 CaOOAMICUS 005 20220909125931.0 008 180830s1996 gw u000 u lat u 040 $aSeMil$bita 245 10$aSedulii Scotti Collectaneum in Apostolum /$cEingeleitet und herausgegeben von Hermann Josef Frede und Herbert Stanjek. 260 $aFreiburg :$bHerder,$c1996-1997. 300 $a2 v. (862 p.) ;$c24 cm. 490 1 $aVetus Latina. Aus der Geschichte der Lateinischen Bibel 700 0 $aSedulius : Scotus,$d.$0(OLS)http://semarc/name/448 700 1 $aStanjek, Herbert.$0(OLS)http://semarc/name/450 700 1 $aFrede, Hermann Josef.$0(OLS)http://semarc/name/449 774 0 $tIn Epistolam ad Romanos.$kVetus Latina. Aus der Geschichte der Lateinischen Bibel$z3-451-21952-2$g1$w()52814 774 0 $tIn Epistolas ad Corinthios usque ad Hebraeos.$kVetus Latina. Aus der Geschichte der Lateinischen Bibel$z3-451-21953-0$g2$w()58285 830 0$aVetus Latina. Aus der Geschichte der Lateinischen Bibel.$0(OLS)http://semarc/title/70 996 $6245$aSedulii Scotti Collectaneum in Apostolum$9(OLS)http://semarc/title/855 996 $6260$aFreiburg :$bHerder$9(OLS)http://semarc/publisher/29811 LEADER 01258nam a2200253 i 4500 001 000000026067 003 CaOOAMICUS 005 20200221162137.0 008 180830s2011 it a u000 u ita u 040 $aSeMil$bita 100 1 $aScalabrini, Giovanna Maria.$0(OLS)http://semarc/name/11644 245 10$aNostra Madre /$cGiovanna Maria Scalabrini ; a cura di Maria Clemente Moro ; premessa di Fulvio De Giorgi. 264 1$aMilano :$bVita e Pensiero,$c2011. 300 $a2 v. :$bill. ;$c22 cm 600 14$aMarchi, Margherita .$0(OLS)http://semarc/subject/4171 650 4$aSan Giuliano Milanese - Viboldone - Comunità monastica - Storia.$0(OLS)http://semarc/subject/4172 700 1 $aDe Giorgi, Fulvio,$d<1956- >.$0(OLS)http://semarc/name/10118 700 1 $aMoro, Maria Clemente.$0(OLS)http://semarc/name/11645 774 0 $tVol. 1.$dMilano : Vita e Pensiero, 2011.$z978-88-343-2122-5$g1$w()209860 774 0 $tVol. 2.$dMilano : Vita e Pensiero, 2011.$z978-88-343-2122-5$g2$w()209861 830 0$aDeus Sitit Sitiri ;$v2.$0(OLS)http://semarc/title/25682 996 $6245$aNostra Madre$9(OLS)http://semarc/title/35158 996 $6264$aMilano :$bVita e Pensiero$9(OLS)http://semarc/publisher/29642